| 000 | 00346nam a2200133Ia 4500 | ||
|---|---|---|---|
| 005 | 20260328101448.0 | ||
| 008 | 260328s9999||||xx |||||||||||||| ||und|| | ||
| 100 | _aOppenheimer Dean, Andrea | ||
| 245 | 0 |
_aBruno Zevi on Modern Architecture / _cAndrea Oppenheimer Dean |
|
| 260 | _bRizzoli | ||
| 300 | _a24 p. | ||
| 650 | _aARQUITECTOS | ||
| 942 | _cBK | ||
| 999 |
_c8541 _d8541 |
||